00422cam a2200157ua 45000010005000000080039000050400009000440820013000531000028000662450051000942500009001452600041001543000016001956530019002116530034002303559111117n ii |||gr||||Z||||||asm cMAIN a891.45131 aGohain, Hiren,eAuthor.11aUpanyasar adhunik samaluchanacby Hiren Gohain a1st. aGuwahati:bL. B. S. Publication,988. a55p:c23cm. aAssamese novel aUpanyasar adhunik samaluchana